LEADER 01264nam a2200229 4500 001 000000346841 003 CaOOAMICUS 005 20210705125048.0 008 210629s1872 it 000 u ita r 040 $aSeMil$bita 245 00$aDiscorsi pronunciati alla Camera dei deputati nella discussione del progetto di legge per l'abolizione delle Facoltà teologiche nelle tornate del 25,26, 27, 29 e 30 aprile 1872. 264 1$aRoma :$bTipografia Eredi Botta,$c1872. 300 $aXXIII, 96 p. [di 260] ;$c23 cm 500 $aVolume monco dalla pag. 97 alla pag. 260 650 4$aUniversità - Facolta di teologia - Italia - Soppressione.$0(OLS)http://semarc/subject/34546 650 4$aItalia - Camera dei deputati.$0(OLS)http://semarc/subject/237 850 $aSeMil 852 $aSeMil$W1$xVenegono$y1$m5A VI 3/9$j227262$B237917$CSeMilBibl$Z2$F237917 $8I 961 $aVolume monco dalla pag. 97 alla pag. 260 996 $6245$aDiscorsi pronunciati alla Camera dei deputati nella discussione del progetto di legge per l'abolizione delle Facoltà teologiche nelle tornate del 25,26, 27, 29 e 30 aprile 1872$9(OLS)http://semarc/title/436063 996 $6264$aRoma :$bTipografia Eredi Botta$9(OLS)http://semarc/publisher/59969 LEADER 00949nam a2200205 i 4500 001 000000100381 003 CaOOAMICUS 005 20171005000000.0 008 171005s2017 it u000 u ita u 013 $a72533 040 $aSeMil$bita 100 1 $aCantoni, Oscar,$c.$0(OLS)http://semarc/name/43572 245 10$aTestimoni e annunciatori della misericordia di Dio :$borientamenti pastorali per la chiesa che è in Como : Como, 17 giugno 2017 /$cOscar Cantoni. 260 $aComo :$b[s.n.],$c2017. 300 $a63 p. :$bill. ;$c21 cm. 850 $aSeMil 852 $aSeMil$W1$xVenegono$y1$m5D IX 21/20$j57508$B57508$CSeMilBibl$Z2$F67892 $81 961 $aOmaggio: Delpini mons. Mario 996 $6245$aTestimoni e annunciatori della misericordia di Dio :$borientamenti pastorali per la chiesa che è in Como : Como, 17 giugno 2017$9(OLS)http://semarc/title/406663 996 $6260$aComo :$b[s.n.]$9(OLS)http://semarc/publisher/30463